| 000 | 01226cam a22002535a 4500 | ||
|---|---|---|---|
| 001 | L139059 | ||
| 002 | 16768 | ||
| 008 | 070720s2007 xxk f 001 0 eng d | ||
| 020 | _a9781847031167 | ||
| 035 | _a(Sirsi) u139059 | ||
| 041 | 0 | _aeng | |
| 050 | 0 | 4 | _a346.4102 $2 18 |
| 100 | 1 | _aAdams, John N | |
| 245 | 0 | 0 | _aUnderstanding contract law |
| 250 | _a5th ed. | ||
| 260 |
_aSweet and Maxwell _c2007 |
||
| 505 | 1 | _aUnderstand contract: first steps -- The rule-book in historical perspective -- Contractual disputes -- Agreement -- The conditions of enforceability -- The concept of risk -- Remedies -- The ideologies of contract -- Contract transformed -- Understanding contract as a social phenomenon | |
| 520 | _aProvides a succinct overview of contract law, aimed at the new law student. Concepts are expressed briefly but not oversimplified. Explains how the contract rule-book emerged to reflect a range of underlying decisions. Provides a reliable analysis of current doctrine. Examines current changes in the institution of contract. Covers all key case law and statutory developments. | ||
| 590 | _aKA | ||
| 651 | 4 |
_aUnited Kingdom _y |
|
| 690 | _aMANAGEMENT | ||
| 700 | 1 | _aBrownsword, Roger | |
| 942 | _n0 | ||
| 999 |
_c107273 _d107273 |
||